<?xml version="1.0" encoding="UTF-8"?><?xml-stylesheet type="text/xsl" href="static/style.xsl"?><OAI-PMH xmlns="http://www.openarchives.org/OAI/2.0/" xmlns:xsi="http://www.w3.org/2001/XMLSchema-instance" xsi:schemaLocation="http://www.openarchives.org/OAI/2.0/ http://www.openarchives.org/OAI/2.0/OAI-PMH.xsd"><responseDate>2026-06-29T02:07:03Z</responseDate><request verb="GetRecord" identifier="oai:docta.ucm.es:20.500.14352/133187" metadataPrefix="marc">https://docta.ucm.es/rest/oai/request</request><GetRecord><record><header><identifier>oai:docta.ucm.es:20.500.14352/133187</identifier><datestamp>2026-02-26T01:24:09Z</datestamp><setSpec>com_20.500.14352_14</setSpec><setSpec>col_20.500.14352_15</setSpec></header><metadata><record xmlns="http://www.loc.gov/MARC21/slim" xmlns:dcterms="http://purl.org/dc/terms/" xmlns:xsi="http://www.w3.org/2001/XMLSchema-instance" xmlns:doc="http://www.lyncode.com/xoai" xsi:schemaLocation="http://www.loc.gov/MARC21/slim http://www.loc.gov/standards/marcxml/schema/MARC21slim.xsd">
   <leader>00925njm 22002777a 4500</leader>
   <datafield ind2=" " ind1=" " tag="042">
      <subfield code="a">dc</subfield>
   </datafield>
   <datafield ind2=" " ind1=" " tag="720">
      <subfield code="a">Santamaria, Beatriz</subfield>
      <subfield code="e">author</subfield>
   </datafield>
   <datafield ind2=" " ind1=" " tag="720">
      <subfield code="a">Ucero Herrería, Álvaro Conrado</subfield>
      <subfield code="e">author</subfield>
   </datafield>
   <datafield ind2=" " ind1=" " tag="720">
      <subfield code="a">Benito Martín, Alberto</subfield>
      <subfield code="e">author</subfield>
   </datafield>
   <datafield ind2=" " ind1=" " tag="720">
      <subfield code="a">Vicent, María Jesús</subfield>
      <subfield code="e">author</subfield>
   </datafield>
   <datafield ind2=" " ind1=" " tag="720">
      <subfield code="a">Orzáez, Mar</subfield>
      <subfield code="e">author</subfield>
   </datafield>
   <datafield ind2=" " ind1=" " tag="720">
      <subfield code="a">Celdrán, Ángel</subfield>
      <subfield code="e">author</subfield>
   </datafield>
   <datafield ind2=" " ind1=" " tag="720">
      <subfield code="a">Selgas, Rafael</subfield>
      <subfield code="e">author</subfield>
   </datafield>
   <datafield ind2=" " ind1=" " tag="720">
      <subfield code="a">Ruíz Ortega, Marta</subfield>
      <subfield code="e">author</subfield>
   </datafield>
   <datafield ind2=" " ind1=" " tag="720">
      <subfield code="a">Ortiz, Alberto</subfield>
      <subfield code="e">author</subfield>
   </datafield>
   <datafield ind2=" " ind1=" " tag="260">
      <subfield code="c">2015-03-05</subfield>
   </datafield>
   <datafield ind2=" " ind1=" " tag="520">
      <subfield code="a">Background/Aims: Peritonitis is a major complication that arises out of peritoneal dialysis (PD), leading to death and loss of mesothelium and peritoneal injury, which may impede PD. We studied the combined impact of inflammatory mediators and PD fluids on mesothelial cell death. Methods: Cultured human mesothelial cells. Results: Inflammatory cytokines (TNF-α and interferon-γ) cooperate with bioincompatible PD fluids containing high glucose degradation product (GDP) concentrations to promote mesothelial cell death. Thus, the inflammatory cytokine cocktail induced a higher rate of death in cells cultured in high GDP PD fluid than in low GDP PD fluid or cell culture medium (cell death expressed as % hypodiploid cells: TNF-α and interferon-γ in RPMI: 14.15 ± 1.68, TNF-α and interferon-γ in 4.25% low GDP PD fluid 13.16 ± 3.29, TNF-α and interferon-γ in 4.25% high GDP PD fluid 25.88 ± 2.18%, p &lt; 0.05 vs. the other two groups). BclxL BH4 peptides, Apaf-1 inhibition or caspase inhibition failed to protect from apoptosis induced by the combination of inflammatory cytokines and bioincompatible PD fluids, although they protected from other forms of mesothelial cell apoptosis. Conclusion: Inflammation cooperates with high GDP PD fluids to promote mesothelial cell death, which is resistant to several therapeutic approaches. This information provides a framework for selection of PD fluid during peritonitis</subfield>
   </datafield>
   <datafield ind1="8" ind2=" " tag="024">
      <subfield code="a">Santamaría B, Ucero AC, Benito-Martin A, Vicent MJ, Orzáez M, Celdrán A, Selgas R, Ruíz-Ortega M, Ortiz A. Biocompatibility reduces inflammation-induced apoptosis in mesothelial cells exposed to peritoneal dialysis fluid. Blood Purification. 2015;39(1-3):200-209. doi:10.1159/000374103. PMID: 25792041.</subfield>
   </datafield>
   <datafield ind1="8" ind2=" " tag="024">
      <subfield code="a">0253-5068</subfield>
   </datafield>
   <datafield ind1="8" ind2=" " tag="024">
      <subfield code="a">10.1159/000374103</subfield>
   </datafield>
   <datafield ind1="8" ind2=" " tag="024">
      <subfield code="a">https://hdl.handle.net/20.500.14352/133187</subfield>
   </datafield>
   <datafield ind1="8" ind2=" " tag="024">
      <subfield code="a">1421-9735</subfield>
   </datafield>
   <datafield ind1="8" ind2=" " tag="024">
      <subfield code="a">https://doi.org/10.1159/000374103</subfield>
   </datafield>
   <datafield ind1="8" ind2=" " tag="024">
      <subfield code="a">https://karger.com/bpu/article-abstract/39/1-3/200/329350/Biocompatibility-Reduces-Inflammation-Induced?redirectedFrom=fulltext</subfield>
   </datafield>
   <datafield ind2="0" ind1="0" tag="245">
      <subfield code="a">Biocompatibility reduces inflammation-induced apoptosis in mesothelial cells exposed to peritoneal dialysis Fluid</subfield>
   </datafield>
</record></metadata></record></GetRecord></OAI-PMH>